01474nam a22002057a 4500003000400000005001700004008004100021020001800062020001500080040000700095050001600102100002100118245005800139250001200197260004300209300002200252500001900274505095600293650001901249OSt20210629104536.0110829t xxu||||| |||| 00| 0 eng d a9780324343427 a0324343426 cLC aHB171.5.T78 qTucker, Irvin B. aMacroeconomics for today's world. / cIrvin B. Tucker a5th ed. aLondon:bThomson/South-Western,c2008. axxix, 544 p.bill aIncludes index aContents: Part I. Introduction to economics: Introducing the economic way of thinking -- Production possibilities, opportunity cost and economic growth -- Part II. Macroeconomic fundamentals: Market demand and supply --- Markets in action -- Part III. Macroeconomic fundamentals: Gross domestic product -- Business cycles and unemployment -- Inflation -- Part IV. Macroeconomic theory and policy: The Keynesian model -- The Keynesian model in action -- Aggregate demand and supply -- Fiscal policy -- The public sector -- Federal deficits, surpluses and the national debt -- Part V. Money, banking and monetary policy: Money and the federal reserve system -- Money creation -- Monetary policy -- The Phillips Curve and Expectations Theory -- Part VI: The international economy: International trade and finance -- Economies in transition -- Growth and the Less-Developed countries -- Appendices: Answers to odd-numbered study questions --- Glossary aMacroeconomics